Antecedentes históricos de la ciudad en Latinoamérica /
Gardado en:
| Autor Principal: | |
|---|---|
| Formato: | Texto |
| Etiquetas: |
Engadir etiqueta
Sen Etiquetas, Sexa o primeiro en etiquetar este rexistro!
|
MARC
| LEADER | 00000 a a2200000 04500 | ||
|---|---|---|---|
| 001 | 47046 | ||
| 003 | |||
| 040 | |||
| 100 | |a Villalobos Ardón, Roberto | ||
| 245 | |a Antecedentes históricos de la ciudad en Latinoamérica / |c Rigoberto Villalobos Ardón | ||
| 773 | |g páginas 101-116 | ||
| 999 | |c 24377 |d 24377 | ||
